000 00455cam a22001694a 4500
005 20250605164344.0
008 250528s ||||||||||||||||||||||||d
035 _a23797
040 _aGR-AtMCL
_bgre
_dGR-AtMCL
_eAACR2
245 1 _aEffects of Sex Education Level and Family Structure on Mate Selection in Greek Population
260 _c2010
300 _a60
700 1 _aKourti George
_99327
942 _cDS
999 _c8732
_d8732